KOHA-Header-6

Business Mathematics (Record no. 8646)

000 -LEADER
fixed length control field 00257nam a2200109Ia 4500
100 ## - MAIN ENTRY--AUTHOR NAME
Personal name Hakeem,Hamid A.
245 #0 - TITLE STATEMENT
Title Business Mathematics
260 ## - PUBLICATION, DISTRIBUTION, ETC. (IMPRINT)
Place of publication New York
Name of publisher Addision
Year of publication 2002
300 ## - PHYSICAL DESCRIPTION
Number of Pages 544
942 ## - ADDED ENTRY ELEMENTS (KOHA)
Koha item type Books
Holdings
Withdrawn status Lost status Collection code Permanent Location Current Location Shelving location Date acquired Full call number Accession Number Koha item type
    Mathematics MAJU MAJU Shelf No.A26 2019-09-14 515.2 3520 Mathematics

Powered by Koha